000
00252nam a2200097Ia 4500
001
653841
005
20250826154506.0
008
250824s9999 xx 000 0 und d
245
0
_a
KUUZU VE LUNAPARK AİLESİ
_c
İREM UŞAR
260
_b
GÜNIŞIĞI YAYINLARI
999
_c
653841
_d
653841